Mots qui terminent par -drome - Statistiques

Statistiques générales
  • Ce quiz a été pris 121 fois
  • Le résultat moyen est 5 sur 10
Statistiques - réponses
Description Mot % Correct
Stade à Marseille, mais aussi stade pour les pratiquants du cyclisme Vélodrome
96%
Les chevaux y font des courses Hippodrome
85%
Terrain aménagé pour les avions Aérodrome
78%
On y joue à la pétanque Boulodrome
67%
On y a des rapports sexuels Baisodrome
53%
Kayak, ou Esope se repose, par exemple Palindrome
46%
Type de maladie, qui a donné son nom à un personnage des Indestructibles Syndrome
40%
Pendant la crise du Covid, on a pu s'y faire injecter les doses contre le virus Vaccinodrome
32%
Pariez sur le lévrier que vous pensez être le plus rapide! Cynodrome
13%
Moins connu, mais on peut y faire du roller Patinodrome
4%
Aucun quiz correspondant
Distribution des résultats
% des personnes avec chaque résultat
Percentile par nombre de réponses
Votre historique - résultats
Vous n’avez pas pris ce quiz